El pago por consignación y la mora del acreedor (Registro nro. 1642)

Detalles MARC
000 -LEADER
fixed length control field 01525 a2200229 4500
001 - CONTROL NUMBER
control field 28042
005 - DATE AND TIME OF LATEST TRANSACTION
control field 20260407155552.0
008 - FIXED-LENGTH DATA ELEMENTS--GENERAL INFORMATION
fixed length control field 260407a2000 arg spa d
003 - CONTROL NUMBER IDENTIFIER
control field AR-UNSa-BCEJYS
040 ## - CATALOGING SOURCE
Original cataloging agency AR-UNSa-BCEJYS
Language of cataloging spa
Transcribing agency AR-UNSa-BCEJYS
080 ## - UNIVERSAL DECIMAL CLASSIFICATION NUMBER
Universal Decimal Classification number 347.43
Common auxiliary subdivision Extinción de las obligaciones (pago, remisión, novación, rendición de cuentas)
020 ## - INTERNATIONAL STANDARD BOOK NUMBER
International Standard Book Number 950-14-1775-1
100 1# - MAIN ENTRY--PERSONAL NAME
Personal name Wayar, Ernesto Clemente
245 10 - TITLE STATEMENT
Title El pago por consignación y la mora del acreedor
Name of part/section of a work doctrina y jurisprudencia
250 ## - EDITION STATEMENT
Edition statement 2a. ed.
264 #1 - PRODUCTION, PUBLICATION, DISTRIBUTION, MANUFACTURE, AND COPYRIGHT NOTICE
Place of production, publication, distribution, manufacture Buenos Aires :
Name of producer, publisher, distributor, manufacturer Ediciones Depalma
Date of production, publication, distribution, manufacture, or copyright notice 2000
300 ## - PHYSICAL DESCRIPTION
Extent xxvi, 380 p.
Dimensions 23 cm.
505 ## - FORMATTED CONTENTS NOTE
Formatted contents note 1. Introducción - 2. Los subrogados del cumplimiento: el pago por consignación - 3. Cuándo procede la consignación: los supuestos del Art. 757 - 4. Presupuestos de la consignación judicial. Elementos del pago por consignación - 5. Los requisitos - 6. Consecuencias del pago por consignación - 7. Consecuencias del pago por consignación - 8. Efectos de la consignación después de su perfeccionamiento. Gastos y costas. Influencia de la consignación sobre otros juicios - 9. Modos de realizar la consignación según la naturaleza de la obligación - 10. La mora del acreedor. Introducción. Concepto. Requisitos 11. La mora del acreedor. Efectos y extinción
590 ## - LOCAL NOTE (RLIN)
Local note niveau_biblio:m niveau_hierar:0
856 41 - ELECTRONIC LOCATION AND ACCESS
Uniform Resource Identifier <a href="https://biblioeco.unsa.edu.ar/pmb/images/libros/El pago por consignacion y la mora del acreedor-l119969.jpg">https://biblioeco.unsa.edu.ar/pmb/images/libros/El pago por consignacion y la mora del acreedor-l119969.jpg</a>
Link text Imagen de portada
Electronic format type image/jpeg
942 ## - ADDED ENTRY ELEMENTS (KOHA)
Koha item type
Existencias
Withdrawn status Lost status Damaged status Not for loan Home library Current library Shelving location Date acquired Total checkouts Full call number Barcode Date last seen Price effective from Koha item type
        Biblioteca Prof. Eusebio Cleto del Rey Biblioteca Prof. Eusebio Cleto del Rey   07/04/2026   347.43 W357 2ed. L119969 07/04/2026 07/04/2026 Libro